Index herbariorum (Registro nro. 2613)

Detalles MARC
000 -CABECERA
Campo de control 00773nam a2200253 i 4500
005 - FECHA Y HORA DE LA ULTIMA TRANSACCION
Campo de control 20200104041534.0
008 - ELEMENTOS DE LONGITUD FIJA—INFORMACION GENERAL
Campo de control 140306s1999 nyu||||| |||| 00| 0 eng d
040 ## - FUENTE DE CATALOGACIÓN
Agencia catalogadora original CO-BoIAVH
Agencia transcriptora CO-BoIAVH
041 ## - IDIOMA
Código de idioma para texto/pista de sonido o título separado Inglés
082 04 - NUMERO DE CLASIFICACION DECIMAL DEWEY
Número de clasificación 580
Número del ítem I38i
245 00 - MENCION DE TITULO
Título Index herbariorum
260 ## - PUBLICACION, DISTRIBUCION, ETC. (PIE DE IMPRENTA)
Lugar de publicación, distribución, etc. Nueva York :
Nombre del editor, distribuidor, etc. New York Botanical Garden,
Fecha de publicación, distribución, etc. 1990.
300 ## - DESCRIPCION FISICA
Extensión 693 páginas
490 00 - MENCION DE SERIE
Mención de serie Regnum vegetabile
Número International Normalizado para Libros 0080-0694
505 ## - NOTA DE CONTENIDO
Nota de contenido Parte 1.: The herbaria of the world.
650 14 - ASIENTO SECUNDARIO DE MATERIA - TERMINO TEMATICO
Término temático o nombre geográfico como elemento de entrada Plantas
9 (RLIN) 57692
650 24 - ASIENTO SECUNDARIO DE MATERIA - TERMINO TEMATICO
Término temático o nombre geográfico como elemento de entrada Botánica
9 (RLIN) 361
650 24 - ASIENTO SECUNDARIO DE MATERIA - TERMINO TEMATICO
Término temático o nombre geográfico como elemento de entrada Historia natural
9 (RLIN) 57694
700 1# - ASIENTO SECUNDARIO - NOMBRE PERSONAL
Nombre personal Holmgren, Patricia K.,
Término de relación editor.
9 (RLIN) 16744
700 1# - ASIENTO SECUNDARIO - NOMBRE PERSONAL
Nombre personal Holmgren, Noel H.,
Término de relación editor.
9 (RLIN) 16745
700 1# - ASIENTO SECUNDARIO - NOMBRE PERSONAL
Nombre personal Barnett, Lisa C.,
Término de relación editor.
9 (RLIN) 16746
740 ## - ASIENTO SECUNDARIO - TITULOS RELACIONADOS /ANALITICOS NO CONTROLADOS
Título relacionado o analítico no controlado The herbaria of the world
942 ## - ELEMENTOS ADICIONALES (KOHA)
Tipo de ítem Libro
Sistema de clasificación Dewey Decimal Classification
Existencias
Withdrawn status Lost status Sistema de Clasificación Damaged status No para préstamo Colección Inventariado Ubicación Permanente Ubicación actual Fecha de adquisición Fuente de Valor Valor Total Checkouts Número topográfico Inventario / Código de Barras Date last seen Ejemplar Price effective from Tipo de material
    Dewey Decimal Classification     General Inventariado 2017 Bogotá Bogotá 24/05/2002 Iberlibro 55000.00   LB-580 I38i 003170 04/12/2012 Ej. 1 04/12/2012 Libro